000 00476nam a2200181Ia 4500
005 20250423100559.0
008 250422s9999 xx 000 0 und d
020 _a9789789345946
050 _aKTA 658 .S65/
100 _aSmith, I. O.
245 0 _aPractical approach to law of real property in Nigeria
260 _aLagos, Nigeria
260 _bEcowatch publications limited
260 _c2013
300 _a865 p
650 _aReal property--Nigeria.
942 _cBK
999 _c33737
_d33737